Kanta-Häme-visa - Statistics

Yleistilastot
  • Tätä visaa on pelattu 892 kertaa
  • Keskiarvotulos 11 / 15
Vastaustilastot
Vihje Vastaus % Oikein
Maakuntakeskus ja väkirikkain kaupunki Hämeenlinna
99%
Suomen tunnetuin säveltäjä Jean Sibelius
91%
Naapurimaakunnat Uusimaa
90%
Naapurimaakunnat Pirkanmaa
86%
Toiseksi suurin kaupunki Riihimäki
85%
Naapurimaakunnat Päijät-Häme
82%
Suomen ensimmäinen rautatieinja kulki Kanta-Hämeen ja tämän kaupungin välillä Helsinki
79%
Naapurimaakunnat Varsinais-Suomi
79%
Kolmanneksi suurin kaupunki Forssa
71%
Maakunnan tunnetuin urheiluseura Hämeenlinnan pallokerho
70%
Tervakoskella sijaitseva matkailukohde Puuhamaa
64%
Kyseinen kaupunki on Suomen _____ sisämaakaupunki Vanhin
62%
Nimikkoeläin Ilves
58%
Perinteinen suodattamaton olut Sahti
50%
Suomen kansakoulun isänä tunnettu pappi Uno Cygnaeus
25%
Ehtoja vastaavia visoja ei löytynyt
Tulosjakauma
Jokaisen tuloksen saaneiden osuus
Persentiili vastausten määrän mukaan
Tuloshistoriasi
Et ole pelannut tätä visaa